近15年平均世界排名最高的30支男篮国家队 - Statistics

General Stats
  • This quiz has been taken 14 times
  • The average score is 24 of 30
Answer Stats
大洲 男篮国家队 平均排名 % Correct
1 北美洲 美国 1.07
100%
2 欧洲 西班牙 2.53
100%
5 欧洲 法国 5.80
100%
7 大洋洲 澳大利亚 7.33
100%
9 欧洲 俄罗斯 9.27
100%
10 南美洲 巴西 10.80
100%
13 欧洲 德国 14.47
100%
15 欧洲 意大利 17.80
100%
17 北美洲 加拿大 19.20
100%
22 北美洲 墨西哥 23.67
100%
3 南美洲 阿根廷 5.00
92%
4 欧洲 塞尔维亚 5.73
92%
20 亚洲 中国 22.07
92%
25 欧洲 波兰 26.13
92%
29 欧洲 芬兰 30.67
92%
19 南美洲 委内瑞拉 21.87
83%
21 亚洲 伊朗 22.53
83%
23 大洋洲 新西兰 24.20
83%
28 欧洲 捷克 30.40
83%
8 欧洲 希腊 9.07
75%
12 亚洲 土耳其 13.53
75%
15 欧洲 克罗地亚 18.13
75%
6 欧洲 立陶宛 6.60
67%
11 欧洲 斯洛文尼亚 11.73
67%
26 非洲 尼日利亚 26.80
67%
14 北美洲 波多黎各 16.80
50%
18 北美洲 多米尼加 20.67
42%
30 非洲 突尼斯 32.27
42%
24 欧洲 拉脱维亚 25.93
33%
27 非洲 安哥拉 27.07
25%
No matching quizzes found
Score Distribution
Percent of People with Each Score
Percentile by Number Answered
Your Score History
You have not taken this quiz